000
00329 a2200157 4500
001
156393
020
_a
9788510063531
040
_c
Escola São Tomás de Aquino
100
_a
BUENO, Elaine
240
1
0
_a
Experimentos
_l
por
245
1
0
_a
Experimentos
300
_a
47
362
0
_a
2016
697
_a
CIÊNCIAS
942
_c
BK
999
_c
156393
_d
156393